Macroeconomics : Theories and policies

In this new edition of a standard text, discussion includes a summary of the Keynesian position and a detailed analysis of the challenges to it, an extensive treatment of monetary policy, and a consideration of the determinants of long-run economic growth. Coverage of questions of measurement is fol...

ver descrição completa

Na minha lista:
Detalhes bibliográficos
Autor principal: Froyen, Richard T.
Formato: Livro
Idioma:Undetermined
Publicado em: Upper Saddle River, NJ. Pearson / Prentice Hall 2005
Assuntos:
Tags: Adicionar Tag
Sem tags, seja o primeiro a adicionar uma tag!
Thư viện lưu trữ: Trung tâm Học liệu Trường Đại học Cần Thơ
LEADER 01016nam a2200217Ia 4500
001 CTU_116833
008 210402s9999 xx 000 0 und d
020 |c 58 
082 |a 339 
082 |b F943 
100 |a Froyen, Richard T. 
245 0 |a Macroeconomics : 
245 0 |b Theories and policies 
245 0 |c Richard T. Froyen 
260 |a Upper Saddle River, NJ. 
260 |b Pearson / Prentice Hall 
260 |c 2005 
520 |a In this new edition of a standard text, discussion includes a summary of the Keynesian position and a detailed analysis of the challenges to it, an extensive treatment of monetary policy, and a consideration of the determinants of long-run economic growth. Coverage of questions of measurement is followed by discussion of major macroeconomic models, open economy macroeconomics, macroeconomic policy, and extensions of macroeconomic models. 
650 |a Macroeconomics,Keynesian economics 
904 |i Minh 
980 |a Trung tâm Học liệu Trường Đại học Cần Thơ